000 00604nam a22002057a 4500
003 OSt
005 20160330183608.0
008 160330b xxu||||| |||| 00| 0 eng d
020 _a0316489360
040 _c040a
082 _a327.082
_bKEO 1977
100 _aKeohane, Robert O.
_97488
245 _aPower and interdependence :
_bworld politics in transition /
_cRobert O. Keohane, Joseph S. Nye
260 _aBoston
_bLittle, Brown and company
_c1997
300 _axiv, 273p;
_bill :
_c13 cm
504 _aIncludes index
650 _aPower
_97489
700 _aNye, Joseph S.
_97490
942 _2ddc
_cSLOAN
999 _c3345
_d3345